000 00635nam a2200241 i 4500
001 C2-0244755
003 PPAK
005 20180727205935.0
008 030121s1981 my |||| ||||| | may d
040 _aPPAK
_beng
_cPPAK
_erda
082 0 4 _a899.231
_223
090 0 0 _a899.231
_bLEM
_dKIH
090 0 0 _a899.231
_bLEM
_dKSA
100 0 _aLeman Ahmad,
_eauthor
245 1 0 _aLingkaran budi
264 1 _aPulau Pinang :
_bSaudara Sinaran Berhad ,
_c1981
300 _a34 pages ;
_c18 cm
336 _2rdacontent
_atext
337 _2rdamedia
_aunmediated
338 _2rdacarrier
_avolume
650 1 0 _aMalay poetry
942 _ddc
_cB
999 _c58943
_d58943